Welcome to the Holygrace Academy Library

Please use search bar below to get started

NEW HORIZONS BOOK A (Record no. 7628)

MARC details
000 -LEADER
fixed length control field 00287nam a22001337a 4500
082 ## - DEWEY DECIMAL CLASSIFICATION NUMBER
Classification number 823
Item number SCO/N
100 ## - MAIN ENTRY--AUTHOR NAME
Personal name SCOTT, A F
100 ## - MAIN ENTRY--AUTHOR NAME
Personal name AGGARWAL N K
245 ## - TITLE STATEMENT
Title NEW HORIZONS BOOK A
260 ## - PUBLICATION, DISTRIBUTION, ETC. (IMPRINT)
Place of publication MADRAS
Name of publisher MACMILLAN
Year of publication 1968
300 ## - PHYSICAL DESCRIPTION
Number of Pages 47
650 ## - SUBJECT ADDED ENTRY--TOPICAL TERM
Topical Term ENGLISH STORY
Geographic subdivision INDIA
942 ## - ADDED ENTRY ELEMENTS (KOHA)
Koha item type Books
Holdings
Withdrawn status Lost status Collection code Home library Current library Date acquired Source of acquisition Full call number Accession Number Koha item type
Withdrawn Damaged Item Fiction Main Library Main Library 07/03/2002 purchase 823 SCO/N 00823 Books